Contemporary China studies : (Record no. 30764)
[ view plain ]
| 000 -LEADER | |
|---|---|
| fixed length control field | 01545cam a2200373 i 4500 |
| 001 - CONTROL NUMBER | |
| control field | 16421800 |
| 003 - CONTROL NUMBER IDENTIFIER | |
| control field | EG-ScBUE |
| 005 - DATE AND TIME OF LATEST TRANSACTION | |
| control field | 20240526090719.0 |
| 008 - FIXED-LENGTH DATA ELEMENTS--GENERAL INFORMATION | |
| fixed length control field | 100818s2011 enka f b 000 0 eng d |
| 020 ## - INTERNATIONAL STANDARD BOOK NUMBER | |
| International Standard Book Number | 9781412948845 |
| 035 ## - SYSTEM CONTROL NUMBER | |
| System control number | (OCoLC)ocn756900323 |
| 040 ## - CATALOGING SOURCE | |
| Original cataloging agency | NLE |
| Language of cataloging | eng |
| Description conventions | rda |
| Transcribing agency | NLE |
| Modifying agency | UKMGB |
| -- | N15 |
| -- | CUD |
| -- | HNK |
| -- | BTCTA |
| -- | YDXCP |
| -- | OCLCO |
| -- | DLC |
| -- | EG-ScBUE |
| 043 ## - GEOGRAPHIC AREA CODE | |
| Geographic area code | a-cc--- |
| 082 04 - DEWEY DECIMAL CLASSIFICATION NUMBER | |
| Classification number | 951.05 |
| Item number | CON |
| Edition number | 22 |
| 245 00 - TITLE STATEMENT | |
| Title | Contemporary China studies : |
| Remainder of title | studies-politics / |
| Statement of responsibility, etc | edited by Tak-Wing Ngo. |
| 246 30 - VARYING FORM OF TITLE | |
| Title proper/short title | Studies-politics |
| 264 #1 - PUBLICATION, DISTRIBUTION, ETC. (IMPRINT) | |
| Place of publication, distribution, etc | London : |
| Name of publisher, distributor, etc | Sage Publications Inc., |
| Date of publication, distribution, etc | 2011. |
| 300 ## - PHYSICAL DESCRIPTION | |
| Extent | 4 volumes : |
| Other physical details | illustrations ; |
| Dimensions | 24 cm |
| 336 ## - CONTENT TYPE | |
| Source | rdacontent |
| Content type term | text |
| Content type code | txt |
| 337 ## - MEDIA TYPE | |
| Media type term | unmediated |
| Source | rdamedia |
| Media type code | n |
| 338 ## - CARRIER TYPE | |
| Carrier type term | volume |
| Carrier type code | nc |
| Source | rdacarrier |
| 504 ## - BIBLIOGRAPHY, ETC. NOTE | |
| Bibliography, etc | Includes bibliographical references. |
| 505 0# - FORMATTED CONTENTS NOTE | |
| Formatted contents note | Volume 1. Continuities and changes of the party-state -- Volume 2. Forms of discipline and control -- Volume 3. Local autonomy under central authority -- Volume 4. Shifting identities and the quest for national unity. |
| 651 #7 - SUBJECT ADDED ENTRY--GEOGRAPHIC NAME | |
| Geographic name | China |
| General subdivision | Economic conditions |
| Chronological subdivision | 1949- |
| Source of heading or term | BUEsh |
| 9 (RLIN) | 12778 |
| 651 #7 - SUBJECT ADDED ENTRY--GEOGRAPHIC NAME | |
| Geographic name | China |
| General subdivision | Social conditions |
| Chronological subdivision | 1949- |
| Source of heading or term | BUEsh |
| 653 ## - INDEX TERM--UNCONTROLLED | |
| Resource For college | Generalities |
| Arrived date list | October2016 |
| 655 ## - INDEX TERM--GENRE/FORM | |
| Form subdivision | Reading book |
| 700 1# - ADDED ENTRY--PERSONAL NAME | |
| Personal name | Ngo, Tak-Wing, |
| Dates associated with a name | 1962- |
| Relator term | editor. |
| 740 02 - ADDED ENTRY--UNCONTROLLED RELATED/ANALYTICAL TITLE | |
| Uncontrolled related/analytical title | Market reform and legacies of the command economy. |
| 740 02 - ADDED ENTRY--UNCONTROLLED RELATED/ANALYTICAL TITLE | |
| Uncontrolled related/analytical title | Regulation and governance in the hybrid market. |
| 740 02 - ADDED ENTRY--UNCONTROLLED RELATED/ANALYTICAL TITLE | |
| Uncontrolled related/analytical title | Civil society, citizenship, and popular resistance. |
| 740 02 - ADDED ENTRY--UNCONTROLLED RELATED/ANALYTICAL TITLE | |
| Uncontrolled related/analytical title | Social cleavages and forms of marginalization. |
| 942 ## - ADDED ENTRY ELEMENTS (KOHA) | |
| Source of classification or shelving scheme | Dewey Decimal Classification |
| Koha item type | Book - Borrowing |
| Withdrawn status | Lost status | Source of classification or shelving scheme | Damaged status | Not for loan | Collection code | Home library | Current library | Shelving location | Date acquired | Source of acquisition | Total Checkouts | Full call number | Barcode | Date last seen | Price effective from | Koha item type | Public note |
|---|---|---|---|---|---|---|---|---|---|---|---|---|---|---|---|---|---|
| Dewey Decimal Classification | Baccah | Central Library | Central Library | Second Floor | 26/05/2024 | Purchase | 951.05 CON | 000040582 | 15/07/2025 | 26/05/2024 | Book - Borrowing | Vol. 1 | |||||
| Dewey Decimal Classification | Baccah | Central Library | Central Library | Second Floor | 26/05/2024 | Purchase | 951.05 CON | 000040581 | 15/07/2025 | 26/05/2024 | Book - Borrowing | Vol. 2 | |||||
| Dewey Decimal Classification | Baccah | Central Library | Central Library | Second Floor | 26/05/2024 | Purchase | 951.05 CON | 000040580 | 15/07/2025 | 26/05/2024 | Book - Borrowing | Vol. 3 | |||||
| Dewey Decimal Classification | Baccah | Central Library | Central Library | Second Floor | 26/05/2024 | Purchase | 951.05 CON | 000040579 | 15/07/2025 | 26/05/2024 | Book - Borrowing | Vol. 4 |